000 00623nam a2200205 a 4500
001 000039518
005 20201002031704.0
008 130704s1990 mx a 000 0 spa d
020 _a9681634705
040 _aDO-SdBNP
_bspa
_cBNPHU
082 _axxx
100 1 _aFuente, Ramón de la
_965696
245 1 0 _aNuevos caminos de la psiquiatría /
_cRamón de la Fuente.
260 _aMéxico :
_bFondo Cultura Económica,
_c1990.
300 _a119 p. :
_bil. ;
_c21 cm.
490 1 _aPsicología
490 1 _aPsiquiatría y psicoanálisis
830 0 _aPsicología
_950353
830 0 _aPsiquiatría y psicoanálisis
_965697
999 _c39008
_d39008